000 00496nam a2200181Ia 4500
008 100917s9999 xx 000 0 und d
082 _b3745
100 _aभावे पुरूषोत्तम भास्कर
245 _aवाकुल्या
260 _b---
_c1951
300 _a171
365 _b3.5
520 _aकादंबरी
630 _aवाकुल्या
650 _aकादंबरी
730 _aवाकुल्या
942 _cBOOK
999 _c609139
_d609136